[Event "Beersheba"]
[Site "Beersheba"]
[Date "1987.??.??"]
[Round "?"]
[White "Arnason, Jon L"]
[Black "Gurevich, Dmitry"]
[Result "1/2-1/2"]
[WhiteElo "2540"]
[BlackElo "2535"]

1.e4 c5 2.Nf3 d6 3.d4 cxd4 4.Nxd4 Nf6 5.Nc3 Nc6 6.Bg5 e6 7.Qd2 Be7 8.O-O-O Nxd4
9.Qxd4 O-O 10.h4 Qa5 11.f3 Bd7 12.Bd2 Qe5 13.Qe3 Rfc8 14.g4 Qc5 15.Qxc5 Rxc5
16.Be3 Rc7 17.Bf4 Rc6 18.Rh2 a6 19.e5 dxe5 20.g5 Nd5 21.Nxd5 exd5 22.Bxe5 f6
23.gxf6 Bxf6 24.Bxf6 Rxf6 25.Rxd5 Bc6 26.Rd4 Raf8 27.Bc4+  1/2-1/2

[Event "Berlin op"]
[Site "Berlin-West"]
[Date "1987.??.??"]
[Round "?"]
[White "Liberzon, Vladimir M"]
[Black "Ostojic, Predrag"]
[Result "1/2-1/2"]
[WhiteElo "2455"]
[BlackElo "2385"]

1.e4 c5 2.Nf3 d6 3.d4 cxd4 4.Nxd4 Nf6 5.Nc3 Nc6 6.Bg5 a6 7.Qd2 Nxd4 8.Qxd4 e5
9.Qd3 Be6 10.Be2 Rc8 11.O-O Be7 12.Rfd1 Rc6 13.Be3 Qc8 14.Rac1 O-O 15.Bf3 b5
16.Qd2 Rc4 17.Nd5 Nxd5 18.exd5 Bd7 19.Be2 Rc7 20.c3 Qb7 21.b3 Rb8 22.c4 bxc4
23.bxc4 Rcc8 24.c5 dxc5 25.d6 Bd8 26.Rxc5 Rxc5 27.Bxc5 Be6 28.a3 a5 29.h3 Qc6
30.Be3 Qa4 31.Ra1 f5 32.f3 Bf6 33.Bd1 Qb5 34.Rc1 Rd8 35.Rc5 Qa6 36.Rxa5 Qxd6
37.Qxd6 Rxd6 38.Be2 f4 39.Bc5 Rd2 40.Kf1 Bh4 41.Ra6 Kf7 42.Ra7+ Kg6 43.Ra6 Kf5
44.Rd6 Bd5 45.Bb4 Be7 46.Rxd5 Rxd5 47.Bxe7 Rd7 48.Bb4 e4 49.fxe4+ Kxe4 50.Kf2 Kd4
51.Bg4 Rc7 52.Kf3 g5 53.Bh5 Rc8 54.Bf7 h6 55.Bg6 Ke5 56.Kg4 Rc1 57.Bd2 Rc4
58.Bd3 Rc6 59.Kh5 Kd4 60.Bf5 Rc5 61.Kg4 Re5 62.Bc1 Kc3 63.a4 Kb3 64.Bd7 Re2
65.Kf3 Rc2 66.Bxf4 gxf4 67.h4 Kb4 68.Bh3 Rc4 69.Bd7 Rd4 70.Bb5 Kc5 71.Kg4 f3+
72.Kxf3 Rxh4 73.g4 Rh2 74.Kf4 Rf2+ 75.Ke5 Rf7 76.Ke4 Kd6 77.Bd3 Ke7 78.a5 Kf6
79.a6 Kg5 80.Kd5 Rd7+ 81.Kc4 Rd6 82.Kc3 Kf4 83.Bb5 Rd8 84.Kc4 Rc8+ 85.Kd5 Rc1
86.Bc6 Ra1 87.Bb7 Kxg4 88.Kc6  1/2-1/2

[Event "Berlin op"]
[Site "Berlin-West"]
[Date "1987.??.??"]
[Round "?"]
[White "Kupreichik, Viktor D"]
[Black "Schoen, Wolfram"]
[Result "1-0"]
[WhiteElo "2500"]
[BlackElo "2445"]

1.e4 c5 2.Nf3 Nc6 3.d4 cxd4 4.Nxd4 Nf6 5.Nc3 d6 6.Bg5 Bd7 7.Be2 Qa5 8.Bxf6 gxf6
9.O-O Nxd4 10.Qxd4 Rc8 11.Rad1 Qc5 12.Qd3 Rg8 13.Kh1 a6 14.f4 Rg6 15.Bf3 b5
16.a3 h5 17.e5 fxe5 18.fxe5 Qxe5 19.Rde1 Rxc3 20.bxc3 Qc5 21.Bd5 f5 22.Rxf5 Bxf5
23.Qxf5 Rf6 24.Qxf6 Qxd5 25.Qg6+ Qf7 26.Qxf7+ Kxf7 27.Rf1+ Ke8 28.Rf5 Bg7
29.Rxh5 Bxc3 30.g4 Bb2 31.Rh3 e5 32.Rh8+ Kf7 33.Ra8 Bxa3 34.Rxa6 Bc5 35.Kg2 e4
36.Kg3 Ke6 37.h4 Ke5 38.h5 Be3 39.Ra5 Bf4+ 40.Kf2 Bh6 41.c4 Kf4 42.cxb5 Kxg4
43.b6  1-0

[Event "Bern"]
[Site "Bern"]
[Date "1987.??.??"]
[Round "?"]
[White "Unzicker, Wolfgang"]
[Black "Gast, Jonathan"]
[Result "1/2-1/2"]
[WhiteElo "2470"]
[BlackElo "2325"]

1.e4 c5 2.Nf3 d6 3.d4 cxd4 4.Nxd4 Nf6 5.Nc3 Nc6 6.Bg5 e6 7.Qd2 Nxd4 8.Qxd4 Bd7
9.O-O-O Qa5 10.f4 Be7 11.Kb1 Bc6 12.Bd3 O-O-O 13.f5 h6 14.Bh4 exf5 15.exf5 d5
16.Be1 Bc5 17.Qh4 Qb6 18.Na4 Bxa4 19.Qxa4 Qc6 20.Qxc6+ bxc6 21.Bd2 Ng4 22.Rde1 f6
23.Re6 Kd7 24.h3  1/2-1/2

[Event "Camaguey-A"]
[Site "Camaguey"]
[Date "1987.??.??"]
[Round "?"]
[White "Hazai, Laszlo"]
[Black "Rodriguez, Amador"]
[Result "1/2-1/2"]
[WhiteElo "2465"]
[BlackElo "2495"]

1.e4 c5 2.Nf3 d6 3.d4 cxd4 4.Nxd4 Nf6 5.Nc3 Nc6 6.Bg5 e6 7.Qd2 a6 8.O-O-O h6
9.Be3 Be7 10.f4 Nxd4 11.Bxd4 b5 12.Bd3 Bb7 13.Qe2 O-O 14.g4 b4 15.Nb1 Nd7
16.Nd2 e5 17.fxe5 Nxe5 18.Nf3 Bf6 19.Bxe5 Bxe5 20.Nxe5 Qg5+ 21.Qd2 Qxd2+
22.Kxd2 dxe5  1/2-1/2

[Event "Camaguey-B"]
[Site "Camaguey"]
[Date "1987.??.??"]
[Round "?"]
[White "Garcia Gonzales, Guillermo"]
[Black "Estevez, Guillermo"]
[Result "1-0"]
[WhiteElo "2445"]
[BlackElo "2395"]

1.e4 c5 2.Nf3 d6 3.d4 cxd4 4.Nxd4 Nf6 5.Nc3 Nc6 6.Bg5 g6 7.Bxf6 exf6 8.Bc4 Bg7
9.Ndb5 O-O 10.Qxd6 f5 11.O-O-O Qg5+ 12.f4 Qxg2 13.e5 Qg4 14.Rhf1 Nxe5 15.Be2 Qh3
16.fxe5 Qe3+ 17.Kb1 Bxe5 18.Qe7 Be6 19.Rf3 Qb6 20.Qh4 a6 21.Nd4 Bf6 22.Qf4 Rac8
23.Nxe6 Rxc3 24.Nd4 Rc7 25.c3 Re8 26.Re3 Rxe3 27.Qxe3 Re7 28.Qf3 Qc7 29.Qg2 Kh8
30.Bf3 b5 31.Nc6 Re3 32.Nb4 Qf4 33.Rf1 Qe5 34.Nd5 Re1+ 35.Rxe1 Qxe1+ 36.Kc2 Be5
37.Nb4 a5 38.Nd3 Qe3 39.Nxe5 Qxe5 40.Qe2 Qf4 41.Bd5 Kg7 42.h3 b4 43.cxb4 Qxb4
44.Qc4 Qb6 45.Qc6 Qa7 46.Kb3 Qb8+ 47.Qb7 Qe8 48.Qb6 Qe1 49.Ka4 Qd2 50.Qb7 f4
51.a3 Kf6 52.Qxf7+ Ke5 53.Qe6+ Kd4 54.Qe4+ Kc5 55.b4+ axb4 56.axb4+ Kd6 57.Qe6+ Kc7
58.Qe7+ Kc8 59.Qd6  1-0

[Event "Camaguey-B"]
[Site "Camaguey"]
[Date "1987.??.??"]
[Round "?"]
[White "Garcia Gonzales, Guillermo"]
[Black "Garcia Martinez, Silvino"]
[Result "1-0"]
[WhiteElo "2445"]
[BlackElo "2455"]

1.e4 c5 2.Nf3 Nc6 3.d4 cxd4 4.Nxd4 Nf6 5.Nc3 d6 6.Bg5 e6 7.Qd2 a6 8.O-O-O Bd7
9.f4 b5 10.Nxc6 Bxc6 11.Bd3 Be7 12.e5 dxe5 13.fxe5 Nd5 14.Ne4 Bxg5 15.Nxg5 Nb4
16.Qf4 Nxd3+ 17.Rxd3 Qe7 18.Rf1 Bxg2 19.Rf2 Bd5 20.Qg4 h5 21.Qh4 f6 22.exf6 gxf6
23.Ne4 f5 24.Nf6+ Kf7 25.Rxd5 exd5 26.Rxf5 Qe3+ 27.Kd1 Qg1+ 28.Kd2 Kg6 29.Nxd5 Rh6
30.Ne7+ Kh7 31.Qe4 Rd6+ 32.Rd5+ Rg6 33.Rxh5+ Kg7 34.Nf5+ Kf7 35.Qb7+ Ke6
36.Qe7+  1-0

[Event "Camaguey-A"]
[Site "Camaguey"]
[Date "1987.??.??"]
[Round "?"]
[White "Hazai, Laszlo"]
[Black "Lanc, Alois"]
[Result "1/2-1/2"]
[WhiteElo "2465"]
[BlackElo "2495"]

1.e4 c5 2.Nf3 d6 3.d4 cxd4 4.Nxd4 Nf6 5.Nc3 Nc6 6.Bg5 e6 7.Qd2 a6 8.O-O-O Be7
9.Bxf6 gxf6 10.f4 Bd7 11.f5 Qc7 12.Nf3 h5 13.Kb1 O-O-O 14.g3 Kb8 15.fxe6 fxe6
16.Bh3 Rc8 17.Ne2 Ne5 18.Nfd4 Nc4 19.Qd3 Qb6 20.Qb3 Qa5 21.Bxe6 Bxe6 22.Nxe6 Nd2+
23.Rxd2 Qxd2 24.N2f4 h4 25.g4 Rhe8 26.Qd3 Qf2 27.h3 Bf8 28.Rf1 Qb6 29.a3 Qc6
30.Nxf8 Rxf8 31.Nd5 Qe8 32.Nxf6 Qe6 33.g5 Rf7 34.Rd1 Rc5 35.Rg1 Rg7 36.Nd5 Qe5
37.g6 Rc8 38.Rg4 Re8 39.Rxh4 Rxg6 40.Ka2  1/2-1/2

[Event "Midwest Masters op"]
[Site "Chicago"]
[Date "1987.??.??"]
[Round "5"]
[White "Rachels, Stuart"]
[Black "Wilder, Michael"]
[Result "1/2-1/2"]
[WhiteElo "2355"]
[BlackElo "2485"]

1.e4 c5 2.Nf3 d6 3.d4 cxd4 4.Nxd4 Nf6 5.Nc3 Nc6 6.Bg5 e6 7.Qd2 Be7 8.O-O-O O-O
9.Nb3 a6 10.f4 b5 11.Bxf6 gxf6 12.f5 Kh8 13.Ne2 Rg8 14.Nbd4 Nxd4 15.Nxd4 Qb6
16.fxe6 fxe6 17.Kb1 Bd7 18.g3 Rae8 19.Bh3 Bf8 20.Rhf1 Rg6 21.Ne2 Rh6 22.Nf4 Qc5
23.e5 f5 24.exd6 e5 25.Nd3 Qc8 26.Bg2 Rxd6 27.Qe3 Bg7 28.Nc5 f4 29.Qf2 Rxd1+
30.Rxd1 Bg4 31.Re1 f3 32.Bf1 e4 33.Nxe4 Qd8 34.Bd3 Qd4 35.Qxd4 Bxd4 36.Rf1 f2
37.c3 Bh3 38.Rxf2 Bxf2 39.Nxf2 Bd7 40.Kc2 Rf8 41.Ne4 Bc6 42.Kb3 Kg7 43.Nc5 Rf2
44.h4 Bd5+ 45.Ka3 Rf3 46.g4 Rg3 47.Bf5 a5 48.Ne6+ Kf6 49.Nd4 b4+ 50.Ka4 bxc3
51.bxc3 Rxc3 52.Kxa5 Rc5+ 53.Kb6 Rc4 54.Nb5 h5 55.gxh5 Rxh4 56.Nc3 Bg8 57.Bg6 Ke5
58.a3 Rh3 59.Nb5 Bb3 60.Kc5 Rh4 61.Nd6  1/2-1/2

[Event "Coimbatore"]
[Site "Coimbatore"]
[Date "1987.??.??"]
[Round "?"]
[White "Hegde, Ravi Gopal"]
[Black "Csom, Istvan"]
[Result "0-1"]
[WhiteElo "2345"]
[BlackElo "2480"]

1.e4 c5 2.Nf3 d6 3.d4 cxd4 4.Nxd4 Nf6 5.Nc3 Nc6 6.Bg5 e6 7.Qd2 a6 8.O-O-O h6
9.Bh4 Nxe4 10.Qf4 Ng5 11.Nxc6 bxc6 12.Qa4 Qb6 13.f4 Nh7 14.Bc4 Be7 15.Bxe7 Kxe7
16.Rhe1 Rb8 17.Bb3 Nf6 18.f5 Rd8 19.fxe6 Bxe6 20.Ne4 Qb5 21.Qd4 c5 22.Qc3 c4
23.Nxf6 Qg5+ 24.Kb1 cxb3 25.Nd5+ Kf8 26.axb3 Bxd5 27.h4 Qxg2 28.Rg1 Rbc8
29.Rxg2 Rxc3 30.Rxd5 Rc5 31.Rd4 g5 32.c4 a5 33.Kc2 Rf5 34.Rgd2 Ke7 35.Rd5 Re5
36.hxg5 hxg5 37.Kc3 g4 38.Kd4 Rxd5+ 39.Kxd5 f5 40.Re2+ Kf6 41.Kc6 g3  0-1

[Event "Coimbatore"]
[Site "Coimbatore"]
[Date "1987.??.??"]
[Round "?"]
[White "Thipsay, Praveen Mahadeo"]
[Black "Vasiukov, Evgeni"]
[Result "0-1"]
[WhiteElo "2420"]
[BlackElo "2490"]

1.e4 c5 2.Nf3 Nc6 3.d4 cxd4 4.Nxd4 Nf6 5.Nc3 d6 6.Bg5 Qa5 7.Bxf6 gxf6 8.Nb3 Qg5
9.Nd5 Kd8 10.f4 Qh6 11.g3 e6 12.Ne3 Kc7 13.Qd2 Bd7 14.O-O-O Rd8 15.Qc3 Be7
16.Bg2 Kb8 17.Nc4 Bc8 18.Kb1 Rd7 19.Nd4 Nxd4 20.Qxd4 Rhd8 21.Ne3 Rc7 22.c4 Bd7
23.Qd3 Rdc8 24.Bf3 Bc6 25.Qe2 Bf8 26.b3 f5 27.exf5 Bxf3 28.Qxf3 Qf6 29.Nc2 Bg7
30.Rd4 d5 31.Kc1 Qxf5 32.g4 Qg6  0-1

[Event "Coimbatore"]
[Site "Coimbatore"]
[Date "1987.??.??"]
[Round "?"]
[White "Mithrakanth, Poorna Sharma"]
[Black "Csom, Istvan"]
[Result "1/2-1/2"]
[WhiteElo "2310"]
[BlackElo "2480"]

1.e4 c5 2.Nf3 d6 3.d4 cxd4 4.Nxd4 Nf6 5.Nc3 Nc6 6.Bg5 e6 7.Qd2 a6 8.O-O-O h6
9.Be3 Be7 10.f3 Qc7 11.g4 b5 12.Bd3 Ne5 13.Kb1 b4 14.Nce2 d5 15.exd5 Nxd5
16.Nf4 Nxe3 17.Qxe3 Nxd3 18.Rxd3 O-O 19.h4 Ra7 20.g5 e5 21.Nd5 exd4 22.Rxd4 Qc5
23.gxh6 g6 24.Re1 Bf5 25.Qe5 Qxc2+ 26.Ka1 f6 27.Nxe7+ Kh7 28.Qe3 Re8 29.Re4 Qxe4
30.fxe4 Raxe7 31.h5 Rxe4 32.hxg6+ Bxg6 33.Qa7+ Kxh6 34.Rh1+ Bh5 35.Qf2 R8e6
36.b3 a5 37.Qd2+ Kg6 38.Qg2+ Kh6 39.Qd2+ Kg6 40.Qd3 Bg4 41.Qg3 R6e5 42.Qf2  1/2-1/2

[Event "Coimbatore"]
[Site "Coimbatore"]
[Date "1987.??.??"]
[Round "?"]
[White "Mithrakanth, Poorna Sharma"]
[Black "Geller, Efim P"]
[Result "1-0"]
[WhiteElo "2310"]
[BlackElo "2515"]

1.e4 c5 2.Nf3 d6 3.d4 cxd4 4.Nxd4 Nf6 5.Nc3 Nc6 6.Bg5 e6 7.Qd2 a6 8.O-O-O h6
9.Bf4 Bd7 10.Nb3 b5 11.a3 b4 12.axb4 Nxb4 13.Bxd6 Rc8 14.Bxf8 Rxf8 15.f3 Qc7
16.Kb1 Ke7 17.Qd4 a5 18.e5 Nfd5 19.Nxd5+ Nxd5 20.c4 Rfd8 21.cxd5 Qc2+ 22.Ka2 a4
23.Na1 Qc5 24.Ba6 Qxd4 25.Rxd4 Rc5 26.d6+ Ke8 27.Re1 Rb8 28.Re2  1-0

[Event "Coimbatore"]
[Site "Coimbatore"]
[Date "1987.??.??"]
[Round "?"]
[White "Mithrakanth, Poorna Sharma"]
[Black "Vasiukov, Evgeni"]
[Result "1/2-1/2"]
[WhiteElo "2310"]
[BlackElo "2490"]

1.e4 c5 2.Nf3 Nc6 3.d4 cxd4 4.Nxd4 Nf6 5.Nc3 d6 6.Bg5 Qb6 7.Nb3 e6 8.Qd2 a6
9.O-O-O Qc7 10.Kb1 Be7 11.Bxf6 gxf6 12.Qh6 Bd7 13.Qg7 O-O-O 14.Qxf7 h5 15.Nd4 Rdf8
16.Qg7 Rfg8 17.Qf7 Rf8 18.Qg7 Rfg8 19.Qf7  1/2-1/2

[Event "New Delhi"]
[Site "Delhi"]
[Date "1987.??.??"]
[Round "?"]
[White "Thipsay, Praveen Mahadeo"]
[Black "Hegde, Ravi Gopal"]
[Result "1-0"]
[WhiteElo "2420"]
[BlackElo "2345"]

1.e4 c5 2.Nf3 Nc6 3.d4 cxd4 4.Nxd4 Nf6 5.Nc3 d6 6.Bg5 e6 7.Qd2 a6 8.O-O-O h6
9.Bf4 Bd7 10.Nxc6 Bxc6 11.Qe1 Qa5 12.f3 e5 13.Be3 b5 14.Kb1 Rb8 15.Nd5 Qxe1
16.Nxf6+ gxf6 17.Rxe1 h5 18.Rd1 Rg8 19.Rd2 f5 20.exf5 d5 21.f6 Rg6 22.Bd3 d4
23.Bxd4 exd4 24.Re1+ Kd8 25.Bxg6 fxg6 26.Rxd4+ Kc7 27.f7 Bd7 28.Rde4 Rd8
29.Re8 a5 30.g3 b4 31.b3 a4 32.f4 axb3 33.axb3 Bd6 34.R1e4 Bb5 35.Rxd8  1-0

[Event "HUN-ch op"]
[Site "Eger"]
[Date "1987.??.??"]
[Round "?"]
[White "Malisauskas, Vidmantas"]
[Black "Tischbierek, Raj"]
[Result "1-0"]
[WhiteElo "2325"]
[BlackElo "2435"]

1.e4 c5 2.Nf3 Nc6 3.d4 cxd4 4.Nxd4 Nf6 5.Nc3 d6 6.Bg5 e6 7.Qd2 a6 8.O-O-O Bd7
9.f4 Be7 10.Nf3 b5 11.Bxf6 gxf6 12.Bd3 Qa5 13.Kb1 Rc8 14.Rhf1 Nb4 15.Nd4 Rxc3
16.Qxc3 Qxa2+ 17.Kc1 d5 18.Kd2 Nxd3 19.cxd3 b4 20.Qc2 dxe4 21.dxe4 Qa5 22.Nc6 Qb6
23.Nxe7 Kxe7 24.Kc1 Qa7 25.Qd2 Rc8+ 26.Kb1 Qb7 27.Qd6+ Ke8 28.Rd4 a5 29.Rc1 Rxc1+
30.Kxc1 Qb5 31.Kd2 Qb7 32.Qc5 f5 33.Qxa5 fxe4 34.Qxb4 Qc7 35.Rxe4  1-0

[Event "Gausdal zt"]
[Site "Gausdal"]
[Date "1987.??.??"]
[Round "?"]
[White "Arnason, Jon L"]
[Black "Yrjola, Jouni"]
[Result "1/2-1/2"]
[WhiteElo "2540"]
[BlackElo "2415"]

1.e4 c5 2.Nf3 d6 3.d4 cxd4 4.Nxd4 Nf6 5.Nc3 Nc6 6.Bg5 e6 7.Qd2 a6 8.O-O-O h6
9.Be3 Bd7 10.f3 b5 11.g4 Ne5 12.Bd3 b4 13.Nce2 d5 14.Ng3 Qc7 15.Kb1 Nc4 16.Qe2 Nxe3
17.Qxe3 Bd6 18.Nde2 Rc8 19.Qd2 a5 20.Rhg1 dxe4 21.Ba6 Ke7 22.Bxc8 Rxc8 23.Nxe4 Nxe4
24.fxe4 Bxh2 25.Rgf1 Be5 26.Nf4 Ba4 27.Rc1 Rd8  1/2-1/2

[Event "Young Men"]
[Site "Gausdal"]
[Date "1987.??.??"]
[Round "?"]
[White "Jansa, Vlastimil"]
[Black "Yrjola, Jouni"]
[Result "1-0"]
[WhiteElo "2445"]
[BlackElo "2425"]

1.e4 c5 2.Nf3 d6 3.d4 cxd4 4.Nxd4 Nf6 5.Nc3 Nc6 6.Bg5 e6 7.Qd2 a6 8.O-O-O h6
9.Bf4 Bd7 10.Nxc6 Bxc6 11.Qe1 Be7 12.h4 Qc7 13.e5 d5 14.Rh3 Nd7 15.Kb1 h5
16.Ne2 Bb5 17.Nd4 Bc4 18.Bxc4 dxc4 19.Nf5 exf5 20.e6 Qxf4 21.exd7+ Kd8 22.Rf3 Qc7
23.Re3 Bd6 24.Re8+ Kxd7 25.Re7+ Kc6 26.Rxc7+ Bxc7 27.Qc3 b5 28.Qxg7 Rad8
29.Qf6+ Kb7 30.Rxd8 Rxd8 31.a3 Rd1+ 32.Ka2 f4 33.Qxf7 Rd2 34.c3 Rxf2 35.Qxh5 Bb6
36.Qd5+ Kb8 37.a4 bxa4 38.Qxc4 Bc7 39.Qe4  1-0

[Event "Arnold Cup"]
[Site "Gausdal"]
[Date "1987.??.??"]
[Round "?"]
[White "Mokry, Karel"]
[Black "Kosten, Anthony C"]
[Result "1/2-1/2"]
[WhiteElo "2485"]
[BlackElo "2440"]

1.e4 c5 2.Nf3 d6 3.d4 cxd4 4.Nxd4 Nf6 5.Nc3 Nc6 6.Bg5 e6 7.Qd2 a6 8.O-O-O h6
9.Bf4 Bd7 10.Nxc6 Bxc6 11.Qe1 Be7 12.h4 Qc7 13.e5  1/2-1/2

[Event "Young Men"]
[Site "Gausdal"]
[Date "1987.??.??"]
[Round "?"]
[White "Mokry, Karel"]
[Black "Tisdall, Jonathan D"]
[Result "1-0"]
[WhiteElo "2485"]
[BlackElo "2450"]

1.e4 c5 2.Nf3 d6 3.d4 cxd4 4.Nxd4 Nf6 5.Nc3 Nc6 6.Bg5 e6 7.Qd2 Be7 8.O-O-O O-O
9.Nb3 a6 10.Bxf6 gxf6 11.Qh6 Kh8 12.Qh5 Qe8 13.f4 b5 14.Bd3 Rg8 15.g4 Rg7
16.h4 b4 17.Na4 Bb7 18.g5 Nd4 19.Nb6 Nxb3+ 20.axb3 Rd8 21.Rhf1 Qc6 22.Nc4 Qc5
23.f5 Rc8 24.e5 dxe5 25.gxf6 Bxf6 26.fxe6 Qe7 27.exf7 Rf8 28.Rxf6 Qxf6 29.Rf1 Qe6
30.Nxe5 Bg2 31.Re1 Qf6 32.Kb1 Qf2 33.Re2 Qf1+ 34.Ka2 Bd5 35.Ng6+ Rxg6 36.Bxg6 Kg7
37.Qxh7+ Kf6 38.Rd2 Qb5 39.Qh6 Ke7 40.Qg5+ Ke6 41.Qf5+ Kd6 42.Qf6+ Kd7 43.Qf5+  1-0

[Event "Graz op"]
[Site "Graz"]
[Date "1987.??.??"]
[Round "6"]
[White "Wegerer, Fred"]
[Black "Kozul, Zdenko"]
[Result "0-1"]
[WhiteElo "2315"]
[BlackElo "2450"]

1.e4 c5 2.Nf3 d6 3.d4 cxd4 4.Nxd4 Nf6 5.Nc3 Nc6 6.Bg5 e6 7.Qd2 a6 8.O-O-O Bd7
9.f4 b5 10.Bxf6 gxf6 11.Nxc6 Bxc6 12.Bd3 b4 13.Ne2 Qb6 14.Kb1 a5 15.f5 e5
16.g4 h5 17.g5 O-O-O 18.c4 Qb7 19.g6 Bh6 20.Qc2 Be3 21.h4 fxg6 22.fxg6 Rdg8
23.Rh3 Bc5 24.Ng3 Rxg6 25.Qe2 Rhg8 26.Qf3 Kb8 27.Bc2 a4 28.b3 axb3 29.Qxb3 Kc7
30.Qf3 Kb6 31.Nxh5 Bd7 32.Rg3 Rxg3 33.Nxg3 Bg4 34.Qd3 Bxd1 35.Bxd1 Rxg3 36.Qxg3 Qxe4+
37.Kb2 Bd4+ 38.Kc1 Be3+ 39.Kb2 Qd4+ 40.Kb3 Qc3+  0-1

[Event "Graz op"]
[Site "Graz"]
[Date "1987.??.??"]
[Round "8"]
[White "Vodep, Otto"]
[Black "Radulov, Ivan"]
[Result "0-1"]
[WhiteElo "2275"]
[BlackElo "2435"]

1.e4 c5 2.Nf3 Nc6 3.d4 cxd4 4.Nxd4 Nf6 5.Nc3 d6 6.Bg5 e6 7.Be2 a6 8.O-O Be7
9.Qd3 h6 10.Be3 Ne5 11.Qd1 Qc7 12.f4 Nc4 13.Bc1 b5 14.b3 Nb6 15.Bb2 b4 16.Ncb5 axb5
17.Nxb5 Qc6 18.e5 dxe5 19.fxe5 Nfd5 20.Nd6+ Bxd6 21.exd6 Nc3 22.Bxc3 Qxc3
23.Rf4 Qc5+ 24.Rf2 O-O 25.Bf3 Ra5  0-1

[Event "Hamburg-ch"]
[Site "Hamburg"]
[Date "1987.??.??"]
[Round "?"]
[White "Wahls, Matthias"]
[Black "Michaelsen, Nils"]
[Result "1-0"]
[WhiteElo "2440"]
[BlackElo "2205"]

1.e4 c5 2.Nf3 Nc6 3.d4 cxd4 4.Nxd4 Nf6 5.Nc3 d6 6.Bg5 e6 7.Qd2 Be7 8.O-O-O O-O
9.Nb3 a5 10.a4 d5 11.Bb5 Nb4 12.Rhe1 h6 13.exd5 exd5 14.Qe3 Bd6 15.Bf4 Bf5
16.Nd4 Bc5 17.Re2 Bg6 18.Qd2 Ne4 19.Nxe4 dxe4 20.Nb3 Bb6 21.Qxd8 Rfxd8 22.Rxd8+ Rxd8
23.Be3 Bxe3+ 24.fxe3 b6 25.Nd4 f6 26.Rf2 Bf7 27.Kd2 Rd6 28.c3 Nd5 29.Bc6 g6
30.Rf1 f5 31.Bxd5 Bxd5 32.b4 Bc4 33.Rb1 Bd3 34.Rb2 axb4 35.cxb4 Kf7 36.b5 Rd7
37.Kc3 Ke7 38.g3 Kd6 39.Kb4 Rc7 40.Nc6 g5 41.Rf2 Rf7 42.Kc3 Kd5 43.Nb4+ Kc5
44.Rd2 Rc7 45.Kb3 Rd7 46.Kc3 Ra7 47.Rf2 Rf7 48.h4 Rf8 49.hxg5 hxg5 50.Rh2 Rc8
51.Rh6 Bxb5 52.axb5 Kxb5+ 53.Kb3 Rc1 54.Nc2 f4 55.gxf4 gxf4 56.Nd4+ Ka6 57.exf4 e3
58.Re6  1-0

[Event "Jurmala"]
[Site "Jurmala"]
[Date "1987.??.??"]
[Round "?"]
[White "Arnason, Jon L"]
[Black "Kosten, Anthony C"]
[Result "1/2-1/2"]
[WhiteElo "2555"]
[BlackElo "2495"]

1.e4 c5 2.Nf3 Nc6 3.d4 cxd4 4.Nxd4 Nf6 5.Nc3 d6 6.Bg5 e6 7.Qd2 a6 8.O-O-O h6
9.Be3 Be7 10.f3 Nxd4 11.Bxd4 b5 12.h4 Qa5 13.Qf2 Rb8 14.Kb1 e5 15.Be3 Be6
16.Qd2 Rc8 17.Nd5 Qxd2 18.Rxd2 Nxd5 19.exd5 Bd7 20.Bd3  1/2-1/2

[Event "URS-FL"]
[Site "Kursk"]
[Date "1987.??.??"]
[Round "?"]
[White "Dvoirys, Semen I"]
[Black "Ruban, Vadim"]
[Result "0-1"]
[WhiteElo "2465"]
[BlackElo "2320"]

1.e4 c5 2.Nf3 d6 3.d4 cxd4 4.Nxd4 Nf6 5.Nc3 Nc6 6.Bg5 e6 7.Qd2 a6 8.O-O-O h6
9.Be3 Nxd4 10.Bxd4 b5 11.f4 Be7 12.Bd3 b4 13.Na4 Rb8 14.Qf2 O-O 15.Kb1 e5
16.fxe5 dxe5 17.Bxe5 Ng4 18.Qd4 Nxe5 19.Qxe5 Bd6 20.Qd4 Qc7 21.Bc4 Be5 22.Qd3 Bg4
23.Rdf1 Bd7 24.b3 Bxa4 25.bxa4 g6 26.Bb3 Bg7 27.Qg3 Qc5 28.Rxf7 Kh7 29.Rd7 Rbe8
30.Re1 Re7 31.Rd5 Qf2 32.e5 Qf5 33.Bc4 Rfe8 34.Bd3 Qh5 35.Rd6 Re6 36.Rf1 Bxe5
37.Rxe6 Rxe6 38.Qf2 Bg7 39.Qg3 Qc5 40.Rf3 Qd4 41.c3 bxc3  0-1

[Event "URS-FL"]
[Site "Kursk"]
[Date "1987.??.??"]
[Round "?"]
[White "Ulibin, Mikhail"]
[Black "Yakovich, Yuri"]
[Result "1/2-1/2"]
[WhiteElo "2240"]
[BlackElo "2450"]

1.e4 c5 2.Nf3 Nc6 3.d4 cxd4 4.Nxd4 Nf6 5.Nc3 d6 6.Bg5 e6 7.Qd2 a6 8.O-O-O h6
9.Be3 Nxd4 10.Bxd4 b5 11.f4 Be7 12.Qe1 Bb7 13.e5 dxe5 14.fxe5 Nd5  1/2-1/2

[Event "London Peace"]
[Site "London"]
[Date "1987.??.??"]
[Round "?"]
[White "Martin, Andrew D"]
[Black "Dlugy, Maxim"]
[Result "1/2-1/2"]
[WhiteElo "2375"]
[BlackElo "2545"]

1.e4 c5 2.Nf3 Nc6 3.d4 cxd4 4.Nxd4 Nf6 5.Nc3 d6 6.Bg5 e6 7.Qd3 a6 8.Rd1 Bd7
9.Be2 b5 10.O-O Be7 11.a3 Rc8 12.Qg3 O-O 13.Kh1 Kh8 14.Nb3 b4 15.axb4 Nxb4
16.e5 dxe5 17.Qh4 Re8 18.f4 Nfd5 19.Nxd5 Nxd5 20.Bxa6 f6 21.Bd3 f5 22.Bxf5 exf5
23.Rxd5 exf4 24.Bxe7 Qxe7 25.Qxe7 Rxe7 26.Nd4 g5 27.Kg1 Rc7 28.Ra1 g4 29.Kf1 h5
30.Re1 Rf7 31.Rd6 Kg7 32.Ke2 Re7+ 33.Kd2 Re4 34.c3 Rb7 35.b4 h4 36.Ra1 h3
37.gxh3 Re3 38.hxg4 fxg4 39.Rf1 Re4 40.Nb3 Bb5 41.Rf2 Ra7  1/2-1/2

[Event "Lloyds Bank op"]
[Site "London"]
[Date "1987.??.??"]
[Round "10"]
[White "Ernst, Thomas"]
[Black "Dlugy, Maxim"]
[Result "1-0"]
[WhiteElo "2455"]
[BlackElo "2545"]

1.e4 c5 2.Nf3 Nc6 3.d4 cxd4 4.Nxd4 Nf6 5.Nc3 d6 6.Bg5 e6 7.Qd2 a6 8.O-O-O h6
9.Bf4 Bd7 10.Nxc6 Bxc6 11.f3 d5 12.Qe1 Bb4 13.a3 Ba5 14.exd5 Nxd5 15.b4 Nxf4
16.Rxd8+ Bxd8 17.Ne2 Nxe2+ 18.Bxe2 O-O 19.Bd3 Be7 20.Kb1 b5 21.Be4 Bxe4 22.Qxe4 a5
23.Rd1 axb4 24.Rd7 Bf6 25.Qxb4 Ra4 26.Qxb5 Rxa3 27.Kc1 Ra1+ 28.Kd2 Rg1 29.Qe2 Rc8
30.f4 Bc3+ 31.Kd3 Re1 32.Qf3 Ba5 33.c4 Rc1 34.Qb7 R1xc4 35.Rxf7 Bc3 36.Re7 R4c6
37.Re8+ Rxe8 38.Qxc6 Rf8 39.Qxe6+ Kh8 40.Kxc3 Rxf4 41.Kd3 Rf6 42.Qe8+ Kh7
43.Ke3 Rb6 44.g4 Rb3+ 45.Kf4 g5+ 46.Ke4 Rb4+ 47.Kd5 Rf4 48.Ke5 Rf2 49.Qd7+ Kg6
50.Qd3+ Kg7 51.Qg3 Rf6 52.h4 gxh4 53.Qxh4 Rg6 54.Kf5 Kh7 55.Qe7+ Rg7 56.Qe4 Rg6
57.Qd3 Rg5+ 58.Kf6+ Kh8 59.Qd4 Rg7 60.Qc5 Kh7 61.Qd5 Kh8 62.Qh1 Kh7 63.Qh5 Rg5
64.Qf7+ Kh8 65.Qf8+ Kh7 66.Qe7+ Kh8 67.Qf7 Rg8 68.Kf5 Rg7 69.Qf6 Kh7 70.Kf4 Rg6
71.Qf7+ Rg7 72.Qf5+ Kg8 73.Kg3 Rg5 74.Qf6 Kh7 75.Kh4 Rg7 76.Qf5+ Kg8 77.Qe6+ Kh7
78.Qe4+ Kg8 79.Kh5 Ra7 80.Kxh6 Ra6+ 81.Qg6+  1-0

[Event "Lugano op"]
[Site "Lugano"]
[Date "1987.??.??"]
[Round "?"]
[White "Ernst, Thomas"]
[Black "Lobron, Eric"]
[Result "1/2-1/2"]
[WhiteElo "2465"]
[BlackElo "2540"]

1.e4 c5 2.Nf3 d6 3.d4 cxd4 4.Nxd4 Nf6 5.Nc3 Nc6 6.Bg5 e6 7.Qd2 a6 8.O-O-O h6
9.Bf4 Bd7 10.Nxc6 Bxc6 11.f3 d5 12.Qe1 Bb4 13.a3 Ba5 14.exd5 Bxd5 15.Be5 Bxc3
16.Bxc3 Rc8 17.Bd3 O-O 18.h4 Nd7 19.Rh3 Nc5 20.Be4 Na4 21.Bd4 f6 22.Rh1 Qc7
23.Kb1 b5 24.b3 Bxe4 25.Qxe4 e5 26.Ba1 Nc5 27.Qe2 Rfd8 28.g4 Ne6 29.Rxd8+ Rxd8
30.Rd1 Rxd1+ 31.Qxd1 Qd8 32.Qxd8+ Nxd8 33.Kc1 Kf7 34.Kd2 Ke6 35.Kd3 Nb7 36.c4 e4+
37.fxe4 Nc5+ 38.Kc3 Nxe4+ 39.Kd4 Nd6 40.Kc5 bxc4 41.bxc4 g5 42.hxg5 hxg5
43.Bd4 f5 44.gxf5+ Nxf5 45.Bg1 Kd7 46.Kb6 g4 47.a4 g3 48.c5 Kc8 49.Kxa6 Ng7
50.a5 Ne6 51.Ka7 Kc7 52.a6 Nd8 53.Be3 Nc6+ 54.Ka8 Kc8 55.Bf4 g2 56.Bh2 Ne5
57.Ka7 Nf3 58.Kb6 Nxh2 59.a7 g1=Q 60.a8=Q+ Kd7 61.Qd5+ Ke8 62.Kb7 Qg7+ 63.Kb6 Qb2+
64.Kc7  1/2-1/2

[Event "Lugano op"]
[Site "Lugano"]
[Date "1987.??.??"]
[Round "?"]
[White "Sax, Gyula"]
[Black "Piket, Jeroen"]
[Result "0-1"]
[WhiteElo "2570"]
[BlackElo "2405"]

1.e4 c5 2.Nf3 d6 3.d4 cxd4 4.Nxd4 Nf6 5.Nc3 Nc6 6.Bg5 e6 7.Qd2 a6 8.O-O-O Bd7
9.f4 b5 10.Bxf6 gxf6 11.Kb1 Qb6 12.Nce2 h5 13.g3 Na5 14.b3 Rd8 15.Bg2 Nb7
16.Qe3 Bg7 17.Rhf1 Nc5 18.Nc3 b4 19.Nf5 bxc3 20.Rxd6 Qb4 21.Nxg7+ Kf8 22.Nxe6+ Nxe6
23.Rfd1 Ke7 24.f5 Bc8 25.e5 fxe5 26.Qa7+ Bb7 27.Qxb7+ Qxb7 28.f6+ Kxf6 29.Bxb7 Rxd6
30.Rxd6 h4 31.a4 hxg3 32.hxg3 e4 33.Bxa6 Rh1+ 34.Ka2 Rc1 35.b4 Ke5 36.Rc6 Rxc2+
37.Kb1 Nd4 38.Rc5+ Kf6 39.Bc4 Rd2 40.Bd5 Rd1+ 41.Ka2 c2 42.Bxe4  0-1

[Event "Lugano op"]
[Site "Lugano"]
[Date "1987.??.??"]
[Round "?"]
[White "Dutreeuw, Marc"]
[Black "Franco Ocampo, Zenon"]
[Result "0-1"]
[WhiteElo "2375"]
[BlackElo "2440"]

1.e4 c5 2.Nf3 Nc6 3.d4 cxd4 4.Nxd4 Nf6 5.Nc3 d6 6.Bg5 e6 7.Qd2 Be7 8.O-O-O O-O
9.Be2 a6 10.Rhe1 Bd7 11.f4 h6 12.Bh4 e5 13.Nf5 Bxf5 14.exf5 exf4 15.Qxf4 Rc8
16.Kb1 Ne5 17.Bf2 b5 18.Nd5 Nxd5 19.Rxd5 Qc7 20.c3 Rfe8 21.Bf1 Qc6 22.Rdd1 Bf6
23.Qe4 Qd7 24.g4 a5 25.Qd5 Rb8 26.h3 b4 27.c4 b3 28.a3 Qa4 29.Re4 Red8 30.c5 Rb4
31.Rxb4 axb4 32.cxd6 bxa3 33.Rd4 a2+ 34.Ka1 Rc8 35.Be3 Nd3 36.d7 Rd8 37.Bxd3 Bxd4
38.Bxd4 Rxd7 39.Bb5 Qxd4 40.Qxb3 Ra7 41.Be2 Qg1+ 42.Qd1 Qxd1+ 43.Bxd1 Kf8
44.Bb3 Ke7 45.Bxa2 Kf6 46.b4 Rb7  0-1